000 00292nam a22001337a 4500
008 170627b xxu||||| |||| 00| 0 eng d
020 _a9780312434144
041 _aeng
080 _23 ED
_a82
100 _a21
101 _aGJL
245 _aMIRRORON AMER5ICA
_cMIMS.J.T
942 _2udc
_cBK
999 _c19284
_d19284